000 00224nam a2200097Ia 4500
005 20251222175820.0
008 251222s9999||||xx |||||||||||||| ||spa||
082 _aDVD0070/S51/1950
245 0 _aMilagro en Milan:
942 _cDVD
999 _c40445
_d40445